00976nas a2200241Ia 4500001001100000003000900011008004100020040001300061040001300074041001300087100003800100210001800138222001800156245010500174250001100279260002400290501008600314300001100400310001600411362004100427500023000468650003600698R002/39564IT-RoPAU151124c99999999xx |||||||||||| ||und|| aIT-RoPAU cIT-RoPAU aITALIANO aAA.VV. gCodice Aut. SPICS: 12000 aBIANCO E NERO aBianco E Nero aBIANCO E NERO, ANNO 45-N.03-LUGLIO/SETTEMBRE 1984bBianco E Nero, Anno 45-N.03-Luglio/Settembre 1984 a1a ed. aROMAbGREMESEc1984 bPaulus - SPICS - Società San Paolo EM (non-commercial uses only)cCopyright2015 a150 p. aTRIMESTRALE aANNO 045, N.03-LUGLIO/SETTEMBRE 1984 aSaggi-Corsivi-E-Note-Di-Autori-Vari Dossier-Bunuel Franco-Rossi-Biografia-Critica Uomo-Natura-Patria-Nel-Cinema-Estone Recensione-Di-Libri-Sul-Cinemanotiziario Cronache-Del-C.S.C. Sommario-In-Inglese-Degli-Articoli-Principali aCINEMAvPUBBLICAZIONE PERIODICA